France - Les beffrois du Nord et du Pas-de-Calais - Statistiques

Statistiques générales
  • Ce quiz a été pris 110 fois
    50 depuis la dernière actualisation
  • Le résultat moyen est 9 sur 28
Statistiques - réponses
Par images Hint Réponse % Correct
L Lille
91%
A Arras
81%
C Calais
67%
L Lille
67%
D Douai
58%
A Armentières
53%
D Dunkerque
49%
B Béthune
47%
D Dunkerque
44%
C Cambrai
42%
T Tourcoing
40%
B Bailleul
33%
B Bergues
30%
W Wambrechies
28%
M Merville
23%
B Boulogne-sur-Mer
19%
G Gravelines
19%
H Hesdin
19%
C Comines
16%
L Loos
16%
A Aire-sur-la-Lys
14%
E Estaires
14%
L Le Cateau-Cambrésis
9%
L Le Touquet
7%
C Condé-sur-Escaut
5%
L Le Quesnoy
5%
S Saint-Pol-sur-Mer
2%
P Pont-sur-Sambre
0%
Aucun quiz correspondant
Distribution des résultats
% des personnes avec chaque résultat
Percentile par nombre de réponses
Votre historique - résultats
Vous n’avez pas pris ce quiz depuis la dernière actualisation